BIBLIOTECA

SENCICO

Shigeru Ban (Registro nro. 2591)

Detalles MARC
000 -LEADER
fixed length control field 00555nam a2200217Ia 4500
005 - DATE AND TIME OF LATEST TRANSACTION
control field 20251020182547.0
008 - FIXED-LENGTH DATA ELEMENTS--GENERAL INFORMATION
fixed length control field 200515s9999 xx 000 0 und d
020 ## - INTERNATIONAL STANDARD BOOK NUMBER
International Standard Book Number 978-3-8365-3074-3
082 ## - DEWEY DECIMAL CLASSIFICATION NUMBER
Classification number 747:749.9/J63S
100 ## - MAIN ENTRY--PERSONAL NAME
Personal name Jodidio, Philip
245 #0 - TITLE STATEMENT
Title Shigeru Ban
260 ## - PUBLICATION, DISTRIBUTION, ETC.
Place of publication, distribution, etc. Colonia
260 ## - PUBLICATION, DISTRIBUTION, ETC.
Name of publisher, distributor, etc. Taschen
300 ## - PHYSICAL DESCRIPTION
Extent 94 p.
300 ## - PHYSICAL DESCRIPTION
Other physical details il.
520 ## - SUMMARY, ETC.
Summary, etc. Su obra se caracteriza por el uso de materiales no convencionales, como papel o plásticos
650 ## - SUBJECT ADDED ENTRY--TOPICAL TERM
Topical term or geographic name entry element ARQUITECTOS
650 ## - SUBJECT ADDED ENTRY--TOPICAL TERM
Topical term or geographic name entry element SHIGERU BAN
942 ## - ADDED ENTRY ELEMENTS (KOHA)
Koha item type Libros
Existencias
Fecha de la última vez que lo usaron Pago total Signatura topográfica completa Código de barras Precio efectivo desde Tipo de documento Estado perdido Estado dañado No es para préstamo Retirado Ubicación permanente Ubicación actual Fecha de adquisición
15/05/2020   747:749.9/J63S Bib-Lima15052591 15/05/2020 Libros         Biblioteca Central Lima Biblioteca Central Lima 15/05/2020